000 00820nam a2200229Ii 4500
003 JO-AjNU
005 20240504092720.0
008 230605s9999||||xx |||||||||||||| ||und||
040 _aJO-AjNU
_bara
_erda
_cJO-AjNU
041 _aara
050 1 4 _aPJ6071.B37 2005
100 3 _aتاليف بركات،سلمى,
_eauthor
_910812
245 0 0 _aاللغة العربية مستوياتها وأدائها الوظيفي وقضاياها
250 _aط1
264 3 1 _aعمان: دار البداية ناشرون وموزعون،2005
300 _a264ص
336 _atext
_btxt
_2rdacontent
337 _aunmediated
_bn
_2rdamedia
338 _avolume
_bnc
_2rdacarrier
650 4 _aاللغة العربية-اللغة-مستويات اللغة وأدائها الوظيفي وقضاياها
_910813
942 _2lcc
_cBK
999 _c5568
_d5568